Online Catalogue and eLibrary

Philosophy of Art : (Record no. 3051)

MARC details
000 -LEADER
fixed length control field 00444nam a2200181Ia 4500
005 - DATE AND TIME OF LATEST TRANSACTION
control field 20240909023854.0
008 - FIXED-LENGTH DATA ELEMENTS--GENERAL INFORMATION
fixed length control field 240331s9999 xx 000 0 und d
020 ## - INTERNATIONAL STANDARD BOOK NUMBER
ISBN 0415159644
082 ## - DDC Classification
Item Number - Author Mark CAR
Class No. 700.01
100 ## - MAIN ENTRY--PERSONAL NAME
Personal name Carroll, N
245 #0 - TITLE STATEMENT
Title Philosophy of Art :
Remainder of title a contemporary introduction
260 ## - PUBLICATION, DISTRIBUTION, ETC.
Place of publication, distribution, etc. London
Name of publisher, distributor, etc. Routledge
Date of publication, distribution, etc. 1999
300 ## - PHYSICAL DESCRIPTION
Extent (e.g. Volumes, Pages etc.) ix, 273 p .,
650 ## - SUBJECT ADDED ENTRY--TOPICAL TERM
Topical term or geographic name entry element Art
650 ## - SUBJECT ADDED ENTRY--TOPICAL TERM
Topical term or geographic name entry element Aesthetic
650 ## - SUBJECT ADDED ENTRY--TOPICAL TERM
Topical term or geographic name entry element Philosophy
942 ## - Koha item type (Biblio)
Koha item type Books in Stacks (Lending)
Holdings
Lost status Damaged status Collection code Home library Current library Shelving location Date acquired Full call number Accession Number Item type
    Lending WERC Library WERC Library Social Science Cupboard 03/31/2024 700.01 CAR 2976 Books in Stacks (Lending)

© WERC Library